000 01814nam a2200313Ia 4500
999 _c54074
_d54074
001 21128
003 GE_BSU
005 20250307161006.0
008 181216s2016||||ge |||||||||||||| ||geo||
040 _cGE_BSU
041 _ageo
080 _a1+27-557 ა-66
245 _aანთიმოზ ივერიელი-ქართულ-ევროპული დიალოგი :
_bმონოგრაფია /
_cი. ბრაჭული, ა. ზაქარიაძე, ვ. რამიშვილი [და სხვ.] ; რედაქტორი ლევან მათეშვილი.
264 _aთბილისი :
_bშპს დობერა,
_c2016.
300 _a232გვ.
_b ილ. ;
_c21სმ.
500 _aთავფურ. და რეზიუმე ინგლ. ენაზე
504 _aბიბლიოგრ. ტექსტის შენიშვნებში
653 _aანთიმოზ ივერიელი-ქართულ-ევროპული დიალოგი
653 _aფილოსოფია
700 _d ბრაჭული, ი.
_eავტორი
_924483
700 _aზაქარიაძე, ა.
_eავტორი
_919061
700 _a რამიშვილი, ვ.
_eავტორი
_924484
700 _aქშუტაშვილი, ა.
_eავტორი
_919063
700 _aჯალაღონია, დ.
_eავტორი
_919064
700 _aმათეშვილი, ლევან
_eრედაქტორი
_94411
700 _a ბალანჩიავაძე, რევაზ
_eრეცენზენტი
_924485
700 _aბუაძე, თეიმურაზ
_eრეცენზენტი
_912553
942 _cBK
_2udc